<?xml version="1.0" encoding="UTF-8"?>
<record
    xmlns:xsi="http://www.w3.org/2001/XMLSchema-instance"
    xsi:schemaLocation="http://www.loc.gov/MARC21/slim http://www.loc.gov/standards/marcxml/schema/MARC21slim.xsd"
    xmlns="http://www.loc.gov/MARC21/slim">

  <leader>04151njm a2200529Ia 4500</leader>
  <controlfield tag="001">F2193</controlfield>
  <controlfield tag="003">IT-RoPAU</controlfield>
  <controlfield tag="005">20220918181114.0</controlfield>
  <controlfield tag="008">131025s9999    xx            000 0 und d</controlfield>
  <datafield tag="040" ind1=" " ind2=" ">
    <subfield code="a">IT-RoPAU</subfield>
  </datafield>
  <datafield tag="040" ind1=" " ind2=" ">
    <subfield code="c">IT-RoPAU</subfield>
  </datafield>
  <datafield tag="999" ind1=" " ind2=" ">
    <subfield code="c">99245</subfield>
    <subfield code="d">99245</subfield>
  </datafield>
  <datafield tag="999" ind1=" " ind2=" ">
    <subfield code="b">n.d.</subfield>
  </datafield>
  <datafield tag="100" ind1=" " ind2=" ">
    <subfield code="a">AA.VV.</subfield>
    <subfield code="9">794</subfield>
  </datafield>
  <datafield tag="100" ind1=" " ind2=" ">
    <subfield code="e">Autore musica</subfield>
    <subfield code="9">32504</subfield>
  </datafield>
  <datafield tag="100" ind1=" " ind2=" ">
    <subfield code="g">Codice autore musica SPICS: 12000</subfield>
    <subfield code="9">796</subfield>
  </datafield>
  <datafield tag="245" ind1=" " ind2=" ">
    <subfield code="a">Top of the Spot estate</subfield>
  </datafield>
  <datafield tag="250" ind1=" " ind2=" ">
    <subfield code="a">1a ed.</subfield>
  </datafield>
  <datafield tag="260" ind1=" " ind2=" ">
    <subfield code="a">ITALIA</subfield>
  </datafield>
  <datafield tag="260" ind1=" " ind2=" ">
    <subfield code="b">POLYGRAM</subfield>
    <subfield code="c">1998 [1a Ed.:0]</subfield>
  </datafield>
  <datafield tag="300" ind1=" " ind2=" ">
    <subfield code="a">COMPACT DISC</subfield>
  </datafield>
  <datafield tag="300" ind1=" " ind2=" ">
    <subfield code="c">57 minuti (Testo: 0 pag.)</subfield>
  </datafield>
  <datafield tag="500" ind1=" " ind2=" ">
    <subfield code="a">Spot tv. 16 famose pubblicit&#xE0;.</subfield>
  </datafield>
  <datafield tag="505" ind1=" " ind2=" ">
    <subfield code="a">Tubthumping [(dallo spot tv Renault Kangoo) (Chumbawamba) (4:00)] - Someday [(dallo spot tv Averna) (Michael Learns To Rock) (4:00)] - Mas que nada [(dallo spot tv Nike) (Tamba Trio) (3:00)] - Mad About the Boy [(dallo spot tv Levi's) (Washington Dinah) (3:00)] - Prince Igor [(dallo spot tv Lorenz Orologi) (Warren G) (5:00)] - Carolyn's Fingers [(dallo spot tv Honda Civic) (Cocteau Twins) (4:00)] - Om Namah Shiva [(dallo spot tv Renault Megane Scenic) (Wobble Jah) (5:00)] - Can't Take My Eyes Off You [(dallo spot tv Peugeot 306 Station Wagon) (Williams Andy) (4:00)] - Tu vu&#xF2; f&#xE0; l'americano [(dallo spot tv Dockers) (Williams Andy) (3:00)] - Born Slippy [(dallo spot tv Opel Astra) (Underworld) (4:00)] - My Heart [(dallo spot tv Breil) (Xama) (4:00)] - More Than This [(dallo spot tv Suzuki Gamma Auto) (Roxy Music) (5:00)] - The Sound of  [(dallo spot tv Harmony) (Arden Richards J.) (4:00)] - Bullit [(dallo spot tv Ford Puma) (Schifrin Lalo) (3:00)] - Let's Do It Let's Fall In Love [(dallo spot tv Toyota Corolla) (Fitzgerald Ella) (4:00)] - Raw [(dallo spot tv G-Shock Orologi) (Chief &amp; Soci) (5:00)]</subfield>
  </datafield>
  <datafield tag="650" ind1=" " ind2=" ">
    <subfield code="a">COLONNA SONORA [COMPACT DISC]</subfield>
    <subfield code="e">Codice MATERIA SPICS: 9949</subfield>
    <subfield code="9">32505</subfield>
  </datafield>
  <datafield tag="700" ind1=" " ind2=" ">
    <subfield code="a">Chumbawamba</subfield>
    <subfield code="d">Codice autore testo/musica SPICS: 50682</subfield>
    <subfield code="e">Autore testo/musica</subfield>
    <subfield code="p">Tubthumping</subfield>
    <subfield code="9">32506</subfield>
  </datafield>
  <datafield tag="700" ind1=" " ind2=" ">
    <subfield code="a">Rigter Jascha</subfield>
    <subfield code="d">Codice autore musica SPICS: 50692</subfield>
    <subfield code="e">Autore musica</subfield>
    <subfield code="p">Someday</subfield>
    <subfield code="9">32507</subfield>
  </datafield>
  <datafield tag="700" ind1=" " ind2=" ">
    <subfield code="a">Ben</subfield>
    <subfield code="d">Codice autore testo/musica SPICS: 15610</subfield>
    <subfield code="e">Autore testo/musica</subfield>
    <subfield code="p">Mas que nada</subfield>
    <subfield code="9">32508</subfield>
  </datafield>
  <datafield tag="700" ind1=" " ind2=" ">
    <subfield code="a">Coward N.</subfield>
    <subfield code="d">Codice autore testo/musica SPICS: 14417</subfield>
    <subfield code="e">Autore testo/musica</subfield>
    <subfield code="p">Mad About the Boy</subfield>
    <subfield code="9">32509</subfield>
  </datafield>
  <datafield tag="700" ind1=" " ind2=" ">
    <subfield code="a">Volker Klaus</subfield>
    <subfield code="d">Codice autore musica SPICS: 593</subfield>
    <subfield code="e">Autore musica</subfield>
    <subfield code="p">Prince Igor</subfield>
    <subfield code="9">32510</subfield>
  </datafield>
  <datafield tag="700" ind1=" " ind2=" ">
    <subfield code="a">Borodin Alexandr Porfirievic</subfield>
    <subfield code="d">Codice autore SPICS: 10770</subfield>
    <subfield code="e">Autore</subfield>
    <subfield code="p">Prince Igor</subfield>
    <subfield code="9">32511</subfield>
  </datafield>
  <datafield tag="700" ind1=" " ind2=" ">
    <subfield code="a">Warren G</subfield>
    <subfield code="d">Codice autore testo/musica SPICS: 50693</subfield>
    <subfield code="e">Autore testo/musica</subfield>
    <subfield code="p">Prince Igor</subfield>
    <subfield code="9">32512</subfield>
  </datafield>
  <datafield tag="700" ind1=" " ind2=" ">
    <subfield code="a">Cocteau Twins</subfield>
    <subfield code="d">Codice autore testo/musica SPICS: 50694</subfield>
    <subfield code="e">Autore testo/musica</subfield>
    <subfield code="p">Carolyn's Fingers</subfield>
    <subfield code="9">32513</subfield>
  </datafield>
  <datafield tag="700" ind1=" " ind2=" ">
    <subfield code="a">Wobble Jah</subfield>
    <subfield code="d">Codice autore testo/musica SPICS: 50695</subfield>
    <subfield code="e">Autore testo/musica</subfield>
    <subfield code="p">Om Namah Shiva</subfield>
    <subfield code="9">32514</subfield>
  </datafield>
  <datafield tag="700" ind1=" " ind2=" ">
    <subfield code="a">Gaudio Bob</subfield>
    <subfield code="d">Codice autore musica SPICS: 50696</subfield>
    <subfield code="e">Autore musica</subfield>
    <subfield code="p">Can't Take My Eyes Off You</subfield>
    <subfield code="9">32515</subfield>
  </datafield>
  <datafield tag="700" ind1=" " ind2=" ">
    <subfield code="a">Crewe</subfield>
    <subfield code="d">Codice autore testo/musica SPICS: 27721</subfield>
    <subfield code="e">Autore testo/musica</subfield>
    <subfield code="p">Can't Take My Eyes Off You</subfield>
    <subfield code="9">32516</subfield>
  </datafield>
  <datafield tag="700" ind1=" " ind2=" ">
    <subfield code="a">Carosone Renato</subfield>
    <subfield code="d">Codice autore musica SPICS: 9614</subfield>
    <subfield code="e">Autore musica</subfield>
    <subfield code="p">Tu vu&#xF2; f&#xE0; l'americano</subfield>
    <subfield code="9">32517</subfield>
  </datafield>
  <datafield tag="700" ind1=" " ind2=" ">
    <subfield code="a">Nisa (Salerno Nicola)</subfield>
    <subfield code="d">Codice autore testo/musica SPICS: 13452</subfield>
    <subfield code="e">Autore testo/musica</subfield>
    <subfield code="p">Tu vu&#xF2; f&#xE0; l'americano</subfield>
    <subfield code="9">32518</subfield>
  </datafield>
  <datafield tag="700" ind1=" " ind2=" ">
    <subfield code="a">Underworld</subfield>
    <subfield code="d">Codice autore testo/musica SPICS: 49894</subfield>
    <subfield code="e">Autore testo/musica</subfield>
    <subfield code="p">Born Slippy</subfield>
    <subfield code="9">32519</subfield>
  </datafield>
  <datafield tag="700" ind1=" " ind2=" ">
    <subfield code="a">Soraglia Mario</subfield>
    <subfield code="d">Codice autore musica SPICS: 50698</subfield>
    <subfield code="e">Autore musica</subfield>
    <subfield code="p">My Heart</subfield>
    <subfield code="9">32520</subfield>
  </datafield>
  <datafield tag="700" ind1=" " ind2=" ">
    <subfield code="a">Xama</subfield>
    <subfield code="d">Codice autore testo/musica SPICS: 50640</subfield>
    <subfield code="e">Autore testo/musica</subfield>
    <subfield code="p">My Heart</subfield>
    <subfield code="9">32521</subfield>
  </datafield>
  <datafield tag="700" ind1=" " ind2=" ">
    <subfield code="a">Ferry Bryan</subfield>
    <subfield code="d">Codice autore testo/musica SPICS: 16471</subfield>
    <subfield code="e">Autore testo/musica</subfield>
    <subfield code="p">More Than This</subfield>
    <subfield code="9">32522</subfield>
  </datafield>
  <datafield tag="700" ind1=" " ind2=" ">
    <subfield code="a">Arden Richards J.</subfield>
    <subfield code="d">Codice autore testo/musica SPICS: 43105</subfield>
    <subfield code="e">Autore testo/musica</subfield>
    <subfield code="p">The Sound of</subfield>
    <subfield code="9">32523</subfield>
  </datafield>
  <datafield tag="700" ind1=" " ind2=" ">
    <subfield code="a">Schifrin Lalo</subfield>
    <subfield code="d">Codice autore musica SPICS: 11148</subfield>
    <subfield code="e">Autore musica</subfield>
    <subfield code="p">Bullit</subfield>
    <subfield code="9">32524</subfield>
  </datafield>
  <datafield tag="700" ind1=" " ind2=" ">
    <subfield code="a">Porter Cole</subfield>
    <subfield code="d">Codice autore testo/musica SPICS: 13034</subfield>
    <subfield code="e">Autore testo/musica</subfield>
    <subfield code="p">Let's Do It Let's Fall In Love</subfield>
    <subfield code="9">32525</subfield>
  </datafield>
  <datafield tag="700" ind1=" " ind2=" ">
    <subfield code="a">Chief &amp; Phase II</subfield>
    <subfield code="d">Codice autore testo/musica SPICS: 50699</subfield>
    <subfield code="e">Autore testo/musica</subfield>
    <subfield code="p">Raw</subfield>
    <subfield code="9">32526</subfield>
  </datafield>
  <datafield tag="942" ind1=" " ind2=" ">
    <subfield code="c">CD</subfield>
    <subfield code="2">ddc</subfield>
  </datafield>
  <datafield tag="952" ind1=" " ind2=" ">
    <subfield code="0">0</subfield>
    <subfield code="1">0</subfield>
    <subfield code="4">0</subfield>
    <subfield code="6">F_2193_000000000000000</subfield>
    <subfield code="7">1</subfield>
    <subfield code="a">SPICS</subfield>
    <subfield code="b">SPICS</subfield>
    <subfield code="d">2013-10-25</subfield>
    <subfield code="l">0</subfield>
    <subfield code="o">F2193</subfield>
    <subfield code="r">2013-10-25 00:00:00</subfield>
    <subfield code="w">2013-10-25</subfield>
    <subfield code="y">CD</subfield>
    <subfield code="z">Progr. Ins.: 22473 / N.Vol.: 1 / Copie: 1 - Copia rara: n.d. / date import: 01.01.2014 - By Epidotti, Trombetti, Vaglietti</subfield>
  </datafield>
</record>
